Maa̕ al-imām ʻAlī. (Record no. 45531)

MARC details
000 -LEADER
fixed length control field 00634cam a22002171 4500
001 - CONTROL NUMBER
control field ne 63000247
003 - CONTROL NUMBER IDENTIFIER
control field DLC
005 - DATE AND TIME OF LATEST TRANSACTION
control field 20260227111741.0
008 - FIXED-LENGTH DATA ELEMENTS--GENERAL INFORMATION
fixed length control field 890908s1962 xx 000 0 ara
010 ## - LIBRARY OF CONGRESS CONTROL NUMBER
LC control number ne 63000247
035 ## - SYSTEM CONTROL NUMBER
System control number (OCoLC)23484550
040 ## - CATALOGING SOURCE
Original cataloging agency DLC
Transcribing agency MiU
Modifying agency OCoLC
-- DLC
042 ## - AUTHENTICATION CODE
Authentication code premarc
050 00 - LIBRARY OF CONGRESS CALL NUMBER
Classification number DS238.A6
Item number H5
100 1# - MAIN ENTRY--PERSONAL NAME
Personal name Hindāwī, Khalīl.
245 10 - TITLE STATEMENT
Title Maa̕ al-imām ʻAlī.
260 ## - PUBLICATION, DISTRIBUTION, ETC.
Date of publication, distribution, etc. 1962?
300 ## - PHYSICAL DESCRIPTION
Extent 224 p.
Dimensions 20 cm.
600 00 - SUBJECT ADDED ENTRY--PERSONAL NAME
Personal name ʻAlī ibn Abī Ṭālib,
Titles and other words associated with a name Caliph,
Dates associated with a name approximately 600-661.
600 10 - SUBJECT ADDED ENTRY--PERSONAL NAME
Personal name Sharīf al-Raḍī, Muḥammad ibn al-Ḥusayn,
Dates associated with a name 969 or 970-1016.
Title of a work Nahj al-balāghah.

No items available.

Powered by Koha